Beyond The Mechanical Universe:From Electrical To Modern Physics. (Record no. 8336)

MARC details
000 -LEADER
fixed length control field 00549nam a22001937a 4500
003 - CONTROL NUMBER IDENTIFIER
control field OSt
005 - DATE AND TIME OF LATEST TRANSACTION
control field 20240516152106.0
008 - FIXED-LENGTH DATA ELEMENTS--GENERAL INFORMATION
fixed length control field 240516b |||||||| |||| 00| 0 eng d
020 ## - INTERNATIONAL STANDARD BOOK NUMBER
International Standard Book Number 9780521715911
040 ## - CATALOGING SOURCE
Transcribing agency DDC
082 ## - DEWEY DECIMAL CLASSIFICATION NUMBER
Classification number 530 BEN 1986
100 ## - MAIN ENTRY--PERSONAL NAME
Relator code Richard P. Olenick ( et-al )
245 ## - TITLE STATEMENT
Title Beyond The Mechanical Universe:From Electrical To Modern Physics.
260 ## - PUBLICATION, DISTRIBUTION, ETC. (IMPRINT)
Place of publication, distribution, etc. NY,
Name of publisher, distributor, etc. Cambridge Universe,
Date of publication, distribution, etc. 2007.
300 ## - PHYSICAL DESCRIPTION
Extent xiv;574p,
Other physical details ill,
Dimensions 23.4cm.
504 ## - BIBLIOGRAPHY, ETC. NOTE
Bibliography, etc Appendix,Bibliography,Index
650 ## - SUBJECT ADDED ENTRY--TOPICAL TERM
Topical term or geographic name as entry element Physics
9 (RLIN) 809
942 ## - ADDED ENTRY ELEMENTS (KOHA)
Source of classification or shelving scheme Dewey Decimal Classification
Koha item type Open Shelf
Holdings
Withdrawn status Lost status Source of classification or shelving scheme Damaged status Not for loan Home library Current library Date acquired Source of acquisition Inventory number Total Checkouts Full call number Barcode Date last seen Price effective from Koha item type
    Dewey Decimal Classification     MUST Main Library MUST Main Library 16/05/2024 Donation 10/32080   530 BEN 1986 2024-0199 16/05/2024 16/05/2024 Open Shelf
    Other/Generic Classification Scheme     MUST Main Library MUST Main Library 16/05/2024       530 BEN 1986   16/05/2024 16/05/2024 Open Shelf